MARC details
| 000 -CABECERA |
| campo de control de longitud fija |
01474cam a2200325 a 4500 |
| 001 - NÚMERO DE CONTROL |
| campo de control |
000015362 |
| 005 - FECHA Y HORA DE LA ÚLTIMA TRANSACCIÓN |
| campo de control |
20200929164022.0 |
| 008 - DATOS DE LONGITUD FIJA--INFORMACIÓN GENERAL |
| campo de control de longitud fija |
930112s1990 ck a 000 0dspa d |
| 020 ## - NÚMERO INTERNACIONAL ESTÁNDAR DEL LIBRO |
| ISBN cancelado o inválido |
9586430006 |
| 035 ## - NÚMERO DE CONTROL DEL SISTEMA |
| Número de control de sistema |
(DLC) 93103208 |
| 040 ## - FUENTE DE LA CATALOGACIÓN |
| Centro catalogador/agencia de origen |
DO-SdBNP |
| Lengua de catalogación |
spa |
| Centro/agencia transcriptor |
BNPHU |
| Centro/agencia modificador |
DLC |
| 082 ## - NÚMERO DE LA CLASIFICACIÓN DECIMAL DEWEY |
| Número de clasificación |
923.586 |
| Número de documento/Ítem |
N231a |
| 049 ## - FONDOS LOCALES (OCLC) |
| Fondos de biblioteca |
BNGR |
| 100 1# - ENTRADA PRINCIPAL--NOMBRE DE PERSONA |
| Nombre de persona |
Nariño, Antonio, |
| Fechas asociadas al nombre |
1765-1823 |
| 9 (RLIN) |
34716 |
| 245 10 - MENCIÓN DE TÍTULO |
| Título |
Archivo Nariño / |
| Mención de responsabilidad, etc. |
compilación de Guillermo Hernández de Alba; ordenamiento, Gonzálo Hernández de Alba y Andrés Olivos Lombana. |
| 260 ## - PUBLICACIÓN, DISTRIBUCIÓN, ETC. |
| Lugar de publicación, distribución, etc. |
Bogotá : |
| Nombre del editor, distribuidor, etc. |
Fundación Francisco de Paula Santander, |
| Fecha de publicación, distribución, etc. |
1990. |
| 300 ## - DESCRIPCIÓN FÍSICA |
| Extensión |
v. : |
| Otras características físicas |
il. ; |
| Dimensiones |
25 cm. |
| 490 1# - MENCIÓN DE SERIE |
| Mención de serie |
Documentos |
| Designación de volumen o secuencia |
58-63 |
| 500 ## - NOTA GENERAL |
| Nota general |
La biblioteca posee desde el tomo 2 hasta el 6. |
| 505 0# - NOTA DE CONTENIDO CON FORMATO |
| Información miscelánea |
v. 1. |
| Título |
Infancia y juventud, 1727-1795 -- |
| Información miscelánea |
v. 2. |
| Título |
Continúa infancia y juventud, 1795-1810 -- |
| Información miscelánea |
v.3. |
| Título |
Presidencia de Cundinamarca, 1809-1812 -- |
| Información miscelánea |
v.4. |
| Título |
Continúa presidencia de Cundinamarca, 1812-1814 -- |
| Información miscelánea |
v.5. |
| Título |
Campaña del Sur, 1812-1815 -- |
| Información miscelánea |
v.6. |
| Título |
Cárcel, destierro y regreso, 1816-1823. |
| 600 14 - PUNTO DE ACCESO ADICIONAL DE MATERIA--NOMBRE DE PERSONA |
| Nombre de persona |
NARIÑO, ANTONIO, |
| Fechas asociadas al nombre |
1760-1823 |
| 9 (RLIN) |
34717 |
| 651 #4 - PUNTO DE ACCESO ADICIONAL DE MATERIA--NOMBRE GEOGRÁFICO |
| Nombre geográfico |
Colombia |
| Subdivisión general |
Historia |
| 9 (RLIN) |
18037 |
| 651 #4 - PUNTO DE ACCESO ADICIONAL DE MATERIA--NOMBRE GEOGRÁFICO |
| Nombre geográfico |
Colombia |
| Subdivisión general |
Historia |
| Subdivisión cronológica |
GUERRA DE LA INDEPENDENCIA, 1810-1822 |
| 9 (RLIN) |
34718 |
| 700 1# - PUNTO DE ACCESO ADICIONAL--NOMBRE DE PERSONA |
| Nombre de persona |
Hernández de Alba, Guillermo, |
| Fechas asociadas al nombre |
1906-, |
| Término indicativo de función/relación |
comp. |
| 9 (RLIN) |
34719 |
| 700 1# - PUNTO DE ACCESO ADICIONAL--NOMBRE DE PERSONA |
| Nombre de persona |
Hernández de Alba, Gonzálo. |
| 9 (RLIN) |
34720 |
| 700 1# - PUNTO DE ACCESO ADICIONAL--NOMBRE DE PERSONA |
| Nombre de persona |
Olivos Lombana, Andrés. |
| 9 (RLIN) |
34721 |
| 830 #0 - PUNTO DE ACCESO ADICIONAL DE SERIE-TÍTULO UNIFORME |
| Título uniforme |
Documentos; |
| Designación de volumen o secuencia |
58-63 |
| 9 (RLIN) |
1047 |
| 910 ## - DATOS DE OPCIÓN DEL USUARIO (OCLC) |
| Datos de opción del usuario |
Catalogación por copia / LC |
| 910 ## - DATOS DE OPCIÓN DEL USUARIO (OCLC) |
| Datos de opción del usuario |
WM |